01150nam a2200193Ia 4500001001100000003001000011008004100021040002500062041001200087100002600099245008900125250001100214260006200225300001200287500026000299501011400559520026000673650002300933A870-35447IT-CnALBA170116s9999||||xx |||||||||||||| ||und|| aIT-CnALBAcIT-CnALBA aLATINO  aCICERONE MARCO TULLIO 0aORATIONES SELECTAE CICERONIS BREVIS SCOLIIS ILLUSTRATAE AD USUM REGIARUM SCHOLARUM.  a1a ed. aTORINObREGIA TYPOGRAPHIA OFFICINA. c1741 [1° Ed.:1741] a309 p.  aFILIPPICA II CONTRO ANTONIO. IN M. ANTONIUN PHILIPPICA II. PRO ARCHIA POETA. PER IL POETA ARCHIA. PRO M. MARCELLO. IN DIFESA DI MARCELLO. IL LUCIUM CATILINAM I, II, III. CONTRO CATILINA. PRO R. ROSCIO AMERINO. IN DIFESA DI ROSCIO AMERINO. DIVINATIO IN VER aSocietà San Paolo EM - Piazza San Paolo, 14 - 12051 ALBA (CN) (non commercial uses only) ® Copyright 2017 aFILIPPICA II CONTRO ANTONIO. IN M. ANTONIUN PHILIPPICA II. PRO ARCHIA POETA. PER IL POETA ARCHIA. PRO M. MARCELLO. IN DIFESA DI MARCELLO. IL LUCIUM CATILINAM I, II, III. CONTRO CATILINA. PRO R. ROSCIO AMERINO. IN DIFESA DI ROSCIO AMERINO. DIVINATIO IN VER aLETTERATURA LATINA